000 00431nam a2200169Ia 4500
008 220531s9999 xx 000 0 und d
041 _aeng
082 _bDEK / BHA
100 _aDeka, P. / Bhagarbati, A.
_935441
245 _aGeography : Eco And Regional
260 _bWilly Eastern
_c1995
300 _a251
542 _d01-08-1997
650 _aGeography
_935442
906 _d1997-1998
_f5290
999 _c21740
_d21740